00589 2200217 4500001002100000005001700021008004100038020002200079035002400101082001000125090002000135100001000155245004800165250001100213260003300224300003500257500003100292650001600323990001600339990001600355YOGYA-0612000000101420120617203632.0 ind  a978-602-8545-69-3 0010-061200000001012 a419.2 aYOG 419.2 Nga U aNGADI aUnggah-ungguh basa lan budi pekerticNgadi. aCet.1. aYogyakartabGava Mediac2012 aviii, 112 hlm.c21 cm (2 eks.) aBibliografi : hlm. 111-112 aBahasa Jawa a471-PD/B.12 a472-PD/B.12